It looks like you're offline.
Open Library logo
additional options menu

MARC record from Internet Archive

LEADER: 00834nam 2200313Mi 4500
001 on1285417059
003 OCoLC
005 20220713062529.0
008 940818t19901989nyu e 000 1 eng d
040 $aKC#$beng$cKC#$dOCLCO
020 $a0451167317
020 $a9780451167316
020 $a0833558927
020 $a9780833558923
035 $a(OCoLC)1285417059
082 14 $a[Fic]
092 $aF$bKING
100 1 $aKing, Stephen,$d1947-
245 14 $aThe dark half /$cStephen King.
250 $aSignet ed.
260 $aNew York :$bPeguin,$c1990, c1989.
300 $a484 p. ;$c18 cm.
500 $aBooklist (ALA).
500 $aNew York Times Book Review.
500 $aVoice of Youth Advocates.
521 1 $aYoung adult.
650 4 $aHorror fiction.
994 $aZ0$bIME
948 $hNO HOLDINGS IN IME - 2 OTHER HOLDINGS